000 00597nam a22002177a 4500
003 UA-OsUOA
001 73632
007 ta
008 20110314b un ||||| |||| 00| 0 ukr d
100 _aРоманов С.
090 _a82
_bР69
942 _cSA
040 _aUA-OsUOA
_bukr
_cUA-OsUOA
_dUA-OsUOA
245 _aЛеся Українка - Антон Чехов: психологія, доля, покликання
300 _aС.18-37
955 _a0
041 _aukr
080 _a82
773 0 _w73630
650 7 _a82 Література. Літературознавство
_2UDC
999 _c359923
_d359923